LIBRARY & INFORMATION CENTRE, KCAET, TAVANUR

ONLINE PUBLIC ACCESS CATALOGUE (OPAC)

Tales of the Saints of Pandharpur, part 2 / (Record no. 992)

MARC details
000 -LEADER
fixed length control field 00375cam a2200145ua 4500
041 ## - LANGUAGE CODE
Language code of text/sound track or separate title eng
082 ## - DEWEY DECIMAL CLASSIFICATION NUMBER
Classification number 823.308
Item number KIN/TA
100 ## - MAIN ENTRY--AUTHOR NAME
Personal name Kincaid, C.A .
245 ## - TITLE STATEMENT
Title Tales of the Saints of Pandharpur, part 2 /
260 ## - PUBLICATION, DISTRIBUTION, ETC. (IMPRINT)
Place of publication Madrass :
Name of publisher Geoffrey Cumberlege ,
Year of publication 1950.
300 ## - PHYSICAL DESCRIPTION
Number of Pages 75 ; .
942 ## - ADDED ENTRY ELEMENTS (KOHA)
Koha item type Books
Holdings
Withdrawn status Lost status Damaged status Home library Current library Date acquired Full call number Accession Number Koha item type
Withdrawn     KAUAET Sanskrit University 07/04/2012 823.308 10513 Books
free website counter